000
00302nam a2200145Ia 4500
100
_a
Grimes/ Richard Dr.
942
_c
BK
654
_a
computer
245
_a
DCOM Programming
260
_b
Wrox Press Ltd
_a
NONE
_c
1997
082
_a
5.72
_b
GRI
300
_a
565
546
_a
ENGLISH
999
_c
31575
_d
31575